00723nam a2200169Ia 4500008004100000100002100041245019900062245008000261260003500341260000900376300002500385500000900410650002300419650002000442999001900462952007200481170224s9999 xx 000 0 und d aRobert S. Hinck, aInterpreting and shaping geopolitics in Chinese media: the discourse of the ‘New style of great power relations’ Robert S. Hinck, Jacquelyn N. Manly, Randolph A. Kluver & William J. Norris  cRobert S. Hinck, Jacquelyn N. Manly, Randolph A. Kluver & William J. Norris bAsian Journal of Communication c2016 a26:5, Pages: 427-445 a2016 xCommunication Arts xMultimedia Arts c316223d316223 001040aCLbCLd2017-02-24l0r2017-02-24 00:00:00w2017-02-24ySE